Best Basketball Player every number - Statistics

General Stats
  • This quiz has been taken 45 times
  • The average score is 7 of 37
Answer Stats
Hint Answer % Correct
#23 LeBron James
100%
#30 Stephen Curry
66%
#35 Kevin Durant
40%
#15 Nikola Jokić
34%
#34 Giannis Antetokounmpo
31%
#1 Victor Wembanyama
31%
#2 Shai Gilgeous Alexander
29%
#0 Jayson Tatum
26%
#32 Karl-Anthony Towns
26%
#11 Jalen Brunson
23%
#10 Jimmy Butler
23%
#3 Anthony Davis
20%
#5 Anthony Edwards
20%
#21 Joel Embiid
20%
#13 Jaren Jackson Jr.
17%
#8 Jalen Williams
14%
#27 Jamal Murray
14%
#12 Ja Morant
14%
#6 Jaylin Williams
14%
#7 Chet Holmgren
11%
#4 De'Aaron Fox
11%
#18 Kyle Kuzma
11%
#28 Alperen Şengün
9%
#22 Andrew Wiggins
9%
#14 Tyler Herro
9%
#24 Cam Thomas
6%
#36 Marcus Smart
6%
#25 Mikal Bridges
6%
#33 Myles Turner
6%
#9 Nikola Vučević
6%
#00 Jonathan Kuminga
3%
#26 Spencer Dinwiddie
3%
#16 Caleb Martin
0%
#17 Dennis Schröder
0%
#19 Jakob Poeltl
0%
#20 Jared McCain
0%
#31 Jarrett Allen
0%
No matching quizzes found
Score Distribution
Percent of People with Each Score
Percentile by Number Answered
Your Score History
You have not taken this quiz